LIBRARY & INFORMATION CENTRE, KCAET, TAVANUR

ONLINE PUBLIC ACCESS CATALOGUE (OPAC)

Gopalan nairute thadi / (Record no. 12011)

MARC details
000 -LEADER
fixed length control field 00438cam a2200169ua 4500
041 ## - LANGUAGE CODE
Language code of text/sound track or separate title mal
082 ## - DEWEY DECIMAL CLASSIFICATION NUMBER
Classification number 894.812301
Item number KUT/GO
100 ## - MAIN ENTRY--AUTHOR NAME
Personal name Kuttikrishnan, P.C .
245 ## - TITLE STATEMENT
Title Gopalan nairute thadi /
260 ## - PUBLICATION, DISTRIBUTION, ETC. (IMPRINT)
Place of publication Calicut :
Name of publisher Navakerala Co-operative publishing ,
Year of publication 1963.
300 ## - PHYSICAL DESCRIPTION
Number of Pages 180 ; .
942 ## - ADDED ENTRY ELEMENTS (KOHA)
Koha item type Books
Holdings
Withdrawn status Lost status Damaged status Home library Current library Date acquired Full call number Accession Number Koha item type
Withdrawn     KAUAET Malayalam University 07/04/2012 894.812301 1026 Books
free website counter